LEADER 00977nam0-2200325---450- 001 990008647860403321 005 20090902132855.0 010 $a9788824473569 035 $a000864786 035 $aFED01000864786 035 $a(Aleph)000864786FED01 035 $a000864786 100 $a20080417d2007----km-y0itay50------ba 101 0 $aita 102 $aIT 105 $ay-------001yy 200 1 $aCompendio di informatica giuridica$ebox di approfondimento, domande piu ricorrenti in sede d'esame o di concorso$fMichele Iaselli 205 $a3. ed. 210 $aNapoli$cSimone$dstampa 2007 215 $a272 p.$d21 cm 225 1 $a<>nuova università$i<>volumi di base$v41 676 $a343.45$v11 rid.$zita 700 1$aIaselli,$bMichele$0267814 801 0$aIT$bUNINA$gRICA$2UNIMARC 901 $aBK 912 $a990008647860403321 952 $aR 194$bs.i.$fDSS 959 $aDSS 996 $aCompendio di informatica giuridica$9716595 997 $aUNINA LEADER 01369nam 2200385Ia 450 001 996386815103316 005 20221108035630.0 035 $a(CKB)4940000000081579 035 $a(EEBO)2240853918 035 $a(OCoLC)14514958 035 $a(EXLCZ)994940000000081579 100 $a19861024d1696 uy | 101 0 $aeng 135 $aurbn||||a|bb| 200 14$aThe family-dictionary, or, Houshold [sic] companion$b[electronic resource] $econtaining, in an alphabetical method, I. Directions for cookery ... VII. The preparations of several choice medicines ... /$fby William Salmon .. 205 $aThe second edition, corrected and much enlarged. 210 $aLondon $cPrinted for H. Rhodes ...$d1696 215 $a[8], 393 p 300 $aImperfect: pages stained and with print show-through. 300 $aReproduction of original in the Huntington Library. 330 $aeebo-0113 606 $aCookery, English 606 $aCookery$vEarly works to 1800 606 $aMedicine, Popular$vEarly works to 1800 615 0$aCookery, English. 615 0$aCookery 615 0$aMedicine, Popular 700 $aSalmon$b William$f1644-1713.$0717514 801 0$bEAG 801 1$bEAG 801 2$bWaOLN 906 $aBOOK 912 $a996386815103316 996 $aThe family-dictionary, or, Houshold companion$92351391 997 $aUNISA